000 00453nam a2200157 i 4500
001 147183
003 ES-MaACL
007 t|
008 070924s1922 xxk ||||1| eng d
100 1 _aTutton, Alfred Edwin H.
_9111785
245 1 0 _aCrystallography and practical crystal mesurement /
_cby Alfred Edwin H. Tutton.
250 _a2ยช ed.
260 _aLondon :
_bMacmillan,
_c1922.
300 _a2 v. :
_bil. ;
_c23 cm.
852 _aES-MaACL
_j4264-65
999 _c147183
_d147183